| 000 -ლიდერი |
| ფიქსირებული სიგრძის საკონტროლო ველი |
01230nam a22002297a 4500 |
| 003 - საკონტროლო ნომრის იდენტიფიკატორი |
| საკონტროლო ველი |
Ge_BSU |
| 005 - ბოლო ოპერაციის თარიღი და დრო |
| საკონტროლო ველი |
20251212153108.0 |
| 008 - ფიქსირებული სიგრძის მონაცემთა ელემენტები - ზოგადი ინფორმაცია |
| ფიქსირებული სიგრძის საკონტროლო ველი |
251212s2024 ge ||||| |||| 00| 0 geo d |
| 020 ## - წიგნის საერთაშორისო სტანდარტული ნომერი |
| International Standard Book Number |
9789941986604 |
| 041 ## - ენის კოდი |
| Language code of text/sound track or separate title |
geo |
| 080 ## - უნივერსალური ათობითი კლასიფიკაციის ინდექსი |
| Universal Decimal Classification number |
339.13:016 გ-85 |
| 100 ## - მთავარი ჩანაწერი - პიროვნების სახელი |
| Personal name |
გრიშიკაშვილი, ამბროსი |
| 9 (RLIN) |
774 |
| 245 ## - ცნობა სათაურის შესახებ |
| Title |
წიგნებთან გატარებული სიცოცხლე / |
| Statement of responsibility, etc |
ამბროსი გრიშიკაშვილი; რედაქტორი დიმიტრი შველიძე. |
| 264 ## - წარმოების, გამოცემის, დისტრიბუციის და სხვა ცნობები |
| გამოცემის, წარმოების, დისტრიბუციის... ადგილი |
თბილისი : |
| გამოცემის, წარმოების, დისტრიბუციის... სახელწოდება |
საქართველოს პარლამენტის ეროვნული ბიბლიოთეკა, |
| გამოცემის, წარმოების, დისტრიბუციის... თარიღი |
2024. |
| 300 ## - ფიზიკური აღწერა |
| Extent |
136 გვ. : |
| Other physical details |
ილ. ; |
| Dimensions |
21 სმ. |
| 653 ## - INDEX TERM--UNCONTROLLED |
| Uncontrolled term |
საბაზრო ეკონომიკა |
| 653 ## - INDEX TERM--UNCONTROLLED |
| Uncontrolled term |
ბიბლიოგრაფია. |
| 653 ## - INDEX TERM--UNCONTROLLED |
| Uncontrolled term |
ქართული წიგნი |
| 700 ## - ADDED ENTRY--PERSONAL NAME |
| Personal name |
შველიძე, დიმიტრი |
| Relator term |
რედაქტორი |
| 9 (RLIN) |
26481 |
| 856 ## - ELECTRONIC LOCATION AND ACCESS |
| Uniform Resource Identifier |
https://dspace.nplg.gov.ge/bitstream/1234/530257/1/Wignebtan_Gatarebuli_Sicocxle_2024.pdf |
| Link text |
ელ. ვერსია |
| 942 ## - ADDED ENTRY ELEMENTS (KOHA) |
| Source of classification or shelving scheme |
|
| Koha item type |
წიგნი |